| 000 | 01050nam a2200253Ia 4500 | ||
|---|---|---|---|
| 003 | OSt | ||
| 005 | 20210922160802.0 | ||
| 008 | 210310s1998 ck ad fr 000 0 spa d | ||
| 040 |
_aCO-JMCR _cCO-JMCR |
||
| 041 | 0 | _aspa | |
| 082 | 0 | 4 |
_a339.5 / _bM777e _223 |
| 100 | 1 |
_aMontenegro, Santiago, _917599 _eautor |
|
| 245 | 1 | 0 |
_aEstabilidad macroeconómica y el sistema político en Colombia / _cSantiago Montenegro |
| 260 |
_aBogotá : _bUniversidad de los Andes, _c1998 |
||
| 300 |
_a28 páginas : _bilustraciones y gráficas a blanco y negro ; _c28 cm. |
||
| 490 | 0 |
_aDocumento CEDE ; _v98-13 |
|
| 500 | _aIncluye notas a pie de página. | ||
| 504 | _aBibliografía: páginas 25-28 | ||
| 505 | 0 | _aíndices de volatilidad macroeconómica en América Latina -- Cinco hipótesis sobre la estabilidad macroeconómica de Colombia | |
| 650 | 1 | 4 |
_aEstabilización económica _917601 _zColombia |
| 650 | 2 | 4 |
_aEstabilización económica _xAspectos políticos _zColombia _940717 |
| 651 | 4 |
_aColombia _xCondiciones económicas _y1970 _940718 |
|
| 942 |
_2ddc _cBK |
||
| 999 |
_c8550 _d8550 |
||